The Amazing Spider-Man (2012) - Statistics

General Stats
  • This quiz has been taken 1,845 times
  • The average score is 9 of 13
Answer Stats
Hint Answer % Correct
Spider-Man's alias name is Peter ______ Parker
100%
Actor who plays Spider-Man Andrew Garfield
91%
What actress plays Spider-man's girlfriend, Gwen Stacy? Emma Stone
84%
After discovering that his father's study has been broken into, young Peter is taken to stay with Aunt ___ and Uncle ___. May & Ben
83%
What country does this actor primarily live in? Britain
77%
The company/labratory that the supervillan works at is called what? OsCorp
76%
Gwen Stacy's Father is in charge of what department in the city? Police department
75%
What is the name of the boy that bullies Peter at school? Flash
74%
Construction workers help Spiderman reach the supervillan by using their ______ to make it easier for Spider-Man to swing to the building. cranes
70%
Dr. Curt _______ is the name of the supervillan. Connors
67%
What does Peter want to buy at a convenience store when it gets robbed? Chocolate Milk
64%
Peter and Gwen are both in the ______ club at school, and the yearbook picture of this club is the background on his computer. Debate club
27%
What is the name of the bridge that Dr. Ratha is stuck in traffic on, trying to get to the VA hospital? Williamsburg Bridge
5%
No matching quizzes found
Score Distribution
Percent of People with Each Score
Percentile by Number Answered
Your Score History
You have not taken this quiz